000 00275nam a22001217a 4500
008 180511b xxu||||| |||| 00| 0 eng d
041 _aeng
080 _a043.3
100 _a0
101 _aSHKI-BTH
245 _aGPS and location based services
_cAjvazi,V
942 _2udc
_cBK
999 _c45697
_d45697